000 00283nam a22001337a 4500
008 171020b xxu||||| |||| 00| 0 eng d
020 _a9780324590920
041 _aeng
080 _a338
100 _a54
101 _aMIS
245 _aSUPERVISION
_cLEONARD, E.C
942 _2udc
_cBK
999 _c35116
_d35116